Państwa na literę R - Statystyki

Ogólne statystyki
  • Ten quiz został rozwiązany 119 razy
  • Średni wynik to 5 z 6
Statystyki odpowiedzi
Państwo Kontynent Powierzchnia Liczba ludności % Poprawnych
Rosja Azja, Europa 17 075 400 km² 142 914 136
99%
Rumunia Europa 238 391 km² 22 215 421
95%
Rwanda Afryka 26 338 km² 10 186 000
95%
Republika Południowej Afryki Afryka 1 219 912 km² 48 783 000
85%
Republika Środkowoafrykańska Afryka 622 984 km² 4 370 000
77%
Republika Zielonego Przylądka Afryka 4033 km² 499 796
54%
Nie znaleziono quizów pasujących do podanych kryteriów
Rozkład punktacji
Procent ludzi z każdym wynikiem
Percentyl według liczby udzielonych odpowiedzi
Twoja historia wyników
Nie rozwiązałeś tego quizu